Corporate Finance: Core Principles & Applications (Record no. 1768)
[ view plain ]
| 005 - DATE AND TIME OF LATEST TRANSACTION | |
|---|---|
| control field | 20250429114719.0 |
| 020 ## - INTERNATIONAL STANDARD BOOK NUMBER | |
| International Standard Book Number | 978-0-07-353059-8 |
| 082 ## - DEWEY DECIMAL CLASSIFICATION NUMBER | |
| Classification number | 658.15 ROS |
| 100 ## - MAIN ENTRY--PERSONAL NAME | |
| Author name | ROSS, S .A . |
| 245 ## - TITLE STATEMENT | |
| Title | Corporate Finance: Core Principles & Applications |
| 260 ## - PUBLICATION, DISTRIBUTION, ETC. | |
| Place of publication, distribution, etc. | Boston, |
| Name of publisher, distributor, etc. | McGraw - Hill & Irwin, |
| Date of publication, distribution, etc. | 2007. |
| 300 ## - PHYSICAL DESCRIPTION | |
| Extent | xxxiv, 686p.: ill.; figure, table, |
| Other physical details | index, |
| Dimensions | 26cm. |
| 700 ## - ADDED ENTRY--PERSONAL NAME | |
| Other authors/Editors | WESTERFIELD, R . W. , JAFFE, J . F . & JORDAN, B . D . |
| 856 ## - ELECTRONIC LOCATION AND ACCESS | |
| Link text | Access Online Book |
| Electronic name | Finance, |
| Path | www.mhhe.com/rwj |
| 942 ## - ADDED ENTRY ELEMENTS (KOHA) | |
| Source of classification or shelving scheme | Dewey Decimal Classification |
| Koha item type | Books |
| Date last seen | Total checkouts | Full call number | Barcode | Cost, replacement price | Price effective from | Koha item type | Lost status | Source of classification or shelving scheme | Damaged status | Not for loan | Withdrawn status | Home library | Current library | Shelving location | Date acquired | Cost, normal purchase price |
|---|---|---|---|---|---|---|---|---|---|---|---|---|---|---|---|---|
| 04/29/2025 | 658.15 ROS | DOM000594 | 150000.00 | 04/29/2025 | Books | Dewey Decimal Classification | CBE Dodoma | CBE Dodoma | General Collection | 02/17/2010 | 50000.00 | |||||
| 06/26/2025 | 658.15 ROS | DOM000681 | 150000.00 | 06/26/2025 | Books | Dewey Decimal Classification | CBE Dodoma | CBE Dodoma | General Collection | 02/17/2010 | 50000.00 | |||||
| 06/26/2025 | 658.15 ROS | DOM000587 | 150000.00 | 06/26/2025 | Books | Dewey Decimal Classification | CBE Dodoma | CBE Dodoma | General Collection | 02/17/2010 | 50000.00 | |||||
| 04/29/2025 | 658.15 ROS | 0000006866 | 150000.00 | 04/29/2025 | Books | Dewey Decimal Classification | College of Business Education Main Library | College of Business Education Main Library | General Collection | 04/29/2025 | 50000.00 | |||||
| 04/29/2025 | 658.15 ROS | 0000006867 | 150000.00 | 04/29/2025 | Books | Dewey Decimal Classification | College of Business Education Main Library | College of Business Education Main Library | General Collection | 04/29/2025 | 50000.00 | |||||
| 04/29/2025 | 658.15 ROS | 0000006868 | 150000.00 | 04/29/2025 | Books | Dewey Decimal Classification | College of Business Education Main Library | College of Business Education Main Library | General Collection | 04/29/2025 | 50000.00 | |||||
| 04/29/2025 | 658.15 ROS | 0000006869 | 150000.00 | 04/29/2025 | Books | Dewey Decimal Classification | College of Business Education Main Library | College of Business Education Main Library | General Collection | 04/29/2025 | 50000.00 |
